LIBRARY & INFORMATION CENTRE, KCAET, TAVANUR

ONLINE PUBLIC ACCESS CATALOGUE (OPAC)

Bhargava`s standard illustrated dictionary of the English language / (Record no. 9000)

MARC details
000 -LEADER
fixed length control field 00482cam a2200181ua 4500
041 ## - LANGUAGE CODE
Language code of text/sound track or separate title eng
082 ## - DEWEY DECIMAL CLASSIFICATION NUMBER
Classification number 028.73 491
Item number PAT/BH
100 ## - MAIN ENTRY--AUTHOR NAME
Personal name Pathak, R C .
245 00 - TITLE STATEMENT
Title Bhargava`s standard illustrated dictionary of the English language /
250 ## - EDITION STATEMENT
Edition statement 11 /
260 ## - PUBLICATION, DISTRIBUTION, ETC. (IMPRINT)
Place of publication Varanasi :
Name of publisher Bhargava book depot ,
Year of publication 1963.
300 ## - PHYSICAL DESCRIPTION
Number of Pages 1432 ; .
942 ## - ADDED ENTRY ELEMENTS (KOHA)
Koha item type Books
Holdings
Withdrawn status Lost status Damaged status Home library Current library Date acquired Full call number Accession Number Koha item type
      KAUAET KAUAET 07/04/2012 028.73 491 2814  
free website counter